CHIP-DEC : UBUNTU 11.10 DESKTOP EDITION, ONEIRIC OCELOT (Record no. 139712)

000 -LEADER
fixed length control field 00264nmm a2200097Ia 4500
008 - FIXED-LENGTH DATA ELEMENTS--GENERAL INFORMATION
fixed length control field 220120s9999||||xx |||||||||||||||||und||
020 ## - INTERNATIONAL STANDARD BOOK NUMBER
International Standard Book Number 81-203-1655-X
100 ## - MAIN ENTRY--PERSONAL NAME
Personal name CHIP magazine
245 #0 - TITLE STATEMENT
Title CHIP-DEC : UBUNTU 11.10 DESKTOP EDITION, ONEIRIC OCELOT
260 ## - PUBLICATION, DISTRIBUTION, ETC.
Name of publisher, distributor, etc. Delhi
Holdings
Withdrawn status Lost status Damaged status Not for loan Home library Current library Date acquired Barcode Date last seen Price effective from Koha item type
        Central Library Central Library 01/20/2022 CD1263 01/20/2022 01/20/2022 Compact Disc

Powered by Koha